[Event "CRO-chT2 East"]
[Site "Croatia"]
[Date "2014.04.26"]
[Round "1.65"]
[White "Stanisavljevic, Mladen"]
[Black "Gubo, Marko"]
[Result "1/2-1/2"]
[WhiteElo "2217"]
[BlackElo "2096"]
[PlyCount "128"]
[EventDate "2014.04.26"]
[EventType "team-tourn"]
[EventRounds "11"]
[EventCountry "CRO"]
[SourceTitle "EXT 2019"]
[Source "ChessBase"]
[SourceDate "2018.10.10"]
[SourceVersion "1"]
[SourceVersionDate "2018.10.10"]
[SourceQuality "1"]

1. c4 Nf6 2. g3 g6 3. Bg2 Bg7 4. d4 c6 5. Nc3 d6 6. e4 0-0 7. Nge2 Nh5 8. h3 e5 9. Be3 Nd7 10. 0-0 Nb6 11. b3 exd4 12. Bxd4 Bxd4 13. Qxd4 Qf6 14. Rad1 Qxd4 15. Rxd4 Be6 16. Rxd6 Rfd8 17. Rfd1 Rxd6 18. Rxd6 a5 19. f4 Kf8 20. g4 Ng7 21. f5 Ne8 22. Rd1 Bc8 23. c5 Nd7 24. Na4 Ke7 25. Kf2 Nc7 26. Ke3 h5 27. Nf4 hxg4 28. hxg4 Ne5 29. Bf3 gxf5 30. gxf5 Bd7 31. Nd3 Nxf3 32. Kxf3 Rh8 33. Ne5 Be8 34. Rg1 Rh3+ 35. Rg3 Rh2 36. Rg2 Rh3+ 37. Kf4 Na6 38. Nc4 Rh4+ 39. Rg4 Rh2 40. Nxa5 Nxc5 41. Nxc5 b6 42. Nc4 bxc5 43. a4 Rf2+ 44. Ke3 Rh2 45. Kd3 f6 46. Na5 Bf7 47. Rg3 Rb2 48. Kc3 Re2 49. Rg4 Re3+ 50. Kc2 Kd7 51. Rg7 Ke8 52. Rg4 Kd7 53. Rh4 Bg8 54. Rh6 Rxe4 55. Rxf6 Bd5 56. Rh6 Rf4 57. Rh7+ Kc8 58. Kc3 Rf3+ 59. Kb2 Rxf5 60. Nb7 Rf2+ 61. Ka3 Rc2 62. a5 Rc3 63. a6 Rxb3+ 64. Ka4 Rb4+ 1/2-1/2

[Event "CRO-chT qual"]
[Site "Kastel Kambelovac"]
[Date "2014.??.??"]
[Round "2"]
[White "Doric, Nenad"]
[Black "Stanisavljevic, Mladen"]
[Result "1/2-1/2"]
[WhiteElo "2343"]
[BlackElo "2195"]
[PlyCount "64"]
[EventDate "2014.11.??"]
[EventType "team-tourn"]
[EventRounds "3"]
[EventCountry "CRO"]
[SourceTitle "EXT 2016"]
[Source "ChessBase"]
[SourceDate "2015.10.08"]
[SourceVersion "1"]
[SourceVersionDate "2015.10.08"]
[SourceQuality "1"]

1. e4 e6 2. d4 d6 3. Nf3 h6 4. c4 c5 5. dxc5 dxc5 6. Qxd8+ Kxd8 7. Nc3 Nd7 8. Bf4 f6 9. 0-0-0 e5 10. Be3 b6 11. Be2 g5 12. Rd2 Rh7 13. Rhd1 Ne7 14. Rd6 Ng8 15. R6d2 Ne7 16. Ne1 Nc6 17. Bg4 Nd4 18. Nd5 Be7 19. g3 Nf8 20. Bxc8 Rxc8 21. f4 Kd7 22. fxe5 fxe5 23. Nd3 Ke6 24. Rf2 Nd7 25. Rdf1 Nc6 26. a3 Rf8 27. Nc7+ Kd6 28. Nd5 Rxf2 29. Rxf2 Bf8 30. Rf5 Ke6 31. Nf2 Ne7 32. Nxe7 Bxe7 1/2-1/2

[Event "CRO-chT2 Ost"]
[Site "Osijek"]
[Date "2012.04.21"]
[Round "2.31"]
[White "Lazic, Miroljub"]
[Black "Stanisavljevic, Mladen"]
[Result "1-0"]
[WhiteElo "2470"]
[BlackElo "2229"]
[PlyCount "49"]
[EventDate "2012.04.21"]
[EventType "team-tourn"]
[EventRounds "11"]
[EventCountry "CRO"]
[SourceTitle "EXT 2014"]
[Source "ChessBase"]
[SourceDate "2013.11.20"]
[SourceVersion "1"]
[SourceVersionDate "2013.11.20"]
[SourceQuality "1"]

1. e4 d6 2. d4 Nd7 3. Nf3 h6 4. Bc4 e6 5. Nc3 g6 6. Be3 a6 7. a4 Bg7 8. h3 b6 9. 0-0 Bb7 10. Qe2 Ne7 11. Rad1 c6 12. Bf4 Qc7 13. Bg3 e5 14. dxe5 dxe5 15. Rxd7 Qxd7 16. Nxe5 Bxe5 17. Bxe5 0-0 18. Qf3 Nf5 19. exf5 Qxf5 20. Qxf5 gxf5 21. Bf6 Kh7 22. Rd1 Kg6 23. Rd6 Kh7 24. Bd3 Bc8 25. Rxc6 1-0

[Event "CRO-chT2 East"]
[Site "Croatia"]
[Date "2011.10.16"]
[Round "9"]
[White "Stanisavljevic, Mladen"]
[Black "Stipandic, Marko"]
[Result "1/2-1/2"]
[WhiteElo "2245"]
[BlackElo "2090"]
[PlyCount "23"]
[EventDate "2011.04.02"]
[EventType "tourn"]
[EventRounds "11"]
[EventCountry "CRO"]
[SourceTitle "EXT 2014"]
[Source "ChessBase"]
[SourceDate "2013.11.20"]
[SourceVersion "1"]
[SourceVersionDate "2013.11.20"]
[SourceQuality "1"]

1. c4 e5 2. e4 Bc5 3. Nc3 Nc6 4. d3 d6 5. Be3 Nd4 6. Rb1 a5 7. a3 Bd7 8. b4 axb4 9. axb4 Bb6 10. Qc1 Ne7 11. Nge2 0-0 12. Ng3 1/2-1/2

[Event "CRO-chT2 East"]
[Site "Croatia"]
[Date "2011.10.15"]
[Round "8"]
[White "Licina, Zoran"]
[Black "Stanisavljevic, Mladen"]
[Result "1-0"]
[WhiteElo "2271"]
[BlackElo "2245"]
[PlyCount "122"]
[EventDate "2011.04.02"]
[EventType "tourn"]
[EventRounds "11"]
[EventCountry "CRO"]
[SourceTitle "EXT 2014"]
[Source "ChessBase"]
[SourceDate "2013.11.20"]
[SourceVersion "1"]
[SourceVersionDate "2013.11.20"]
[SourceQuality "1"]

1. e4 g6 2. d4 Bg7 3. Nc3 d6 4. Bg5 h6 5. Bh4 a6 6. Bc4 Qd7 7. Nge2 b5 8. Bb3 Bb7 9. f3 e6 10. Bf2 Ne7 11. Qd2 Qc8 12. a4 b4 13. Nd1 a5 14. c3 Na6 15. Ne3 bxc3 16. bxc3 0-0 17. Rb1 Bc6 18. 0-0 Bd7 19. Nc4 Nb8 20. Be3 Kh7 21. Bc2 Rd8 22. h4 e5 23. h5 g5 24. Ng3 Ng8 25. Nf5 Be6 26. Qe2 Bh8 27. dxe5 dxe5 28. Nd2 Bf6 29. g4 Nd7 30. Bb3 Nf8 31. Bc5 Bxb3 32. Nxb3 Ne6 33. Be3 Qd7 34. Qb5 Qd3 35. Qxd3 Rxd3 36. Rfe1 Ne7 37. Kf2 Rad8 38. Nxa5 Nxf5 39. gxf5 Nf4 40. Nc6 Re8 41. Nb4 Rd6 42. Bxf4 gxf4 43. Re2 Red8 44. Nd5 Bh4+ 45. Kf1 c6 46. Nb4 Rg8 47. Rg2 Ra8 48. Ra1 Ra5 49. Rh2 Bd8 50. Rd2 Be7 51. Rxd6 Bxd6 52. Ke2 Kg7 53. Kd3 Kf6 54. Nxc6 Rc5 55. Nb4 Kg5 56. a5 Rc8 57. a6 Ra8 58. Kc4 Kxh5 59. Kd5 Bb8 60. Nc6 Bc7 61. Nxe5 Kh4 1-0

[Event "CRO-chT2 East"]
[Site "Croatia"]
[Date "2011.10.15"]
[Round "7"]
[White "Pataki, Gyozo"]
[Black "Stanisavljevic, Mladen"]
[Result "1-0"]
[WhiteElo "2354"]
[BlackElo "2245"]
[PlyCount "57"]
[EventDate "2011.04.02"]
[EventType "tourn"]
[EventRounds "11"]
[EventCountry "CRO"]
[SourceTitle "EXT 2014"]
[Source "ChessBase"]
[SourceDate "2013.11.20"]
[SourceVersion "1"]
[SourceVersionDate "2013.11.20"]
[SourceQuality "1"]

1. d4 g6 2. c4 Bg7 3. e4 d6 4. Nc3 Nd7 5. Be3 e6 6. Qd2 h6 7. 0-0-0 c6 8. f4 Ne7 9. Nf3 a6 10. Be2 Qa5 11. Kb1 b5 12. e5 d5 13. cxd5 cxd5 14. Ne4 Qxd2 15. Nd6+ Kf8 16. Bxd2 Nf5 17. Nxc8 Rxc8 18. Rc1 Ne7 19. Rxc8+ Nxc8 20. Rc1 Ke7 21. Bb4+ Kd8 22. Ba5+ Ke7 23. Rc6 f6 24. Rxa6 g5 25. Bxb5 gxf4 26. Bb4+ Kd8 27. Rxe6 fxe5 28. Ba5+ Ndb6 29. dxe5 1-0